Deendayal Upadhyaya/ (Record no. 205987)

MARC details
000 -LEADER
fixed length control field 00596nam a22002057a 4500
005 - DATE AND TIME OF LATEST TRANSACTION
control field 20241121111100.0
010 ## - LCCN (DPL NO)
LC control number ENG-141823
020 ## - INTERNATIONAL STANDARD BOOK NUMBER
Terms of availability 950.00
International Standard Book Number 9789385621406
035 ## - SYSTEM CONTROL NUMBER
System control number EN-125355
037 ## - SOURCE OF ACQUISITION
Source of stock number/acquisition DBAD
082 ## - DEWEY DECIMAL CLASSIFICATION NUMBER
Classification number 921
100 ## - MAIN ENTRY--PERSONAL NAME
Personal name kiran. A
245 ## - TITLE STATEMENT
Title Deendayal Upadhyaya/
Statement of responsibility, etc By A.Kiran
250 ## - EDITION STATEMENT
Edition statement 1
260 ## - PUBLICATION, DISTRIBUTION, ETC. (IMPRINT)
Place of publication, distribution, etc New Delhi
Name of publisher, distributor, etc NISHA PUBLICATIONS
Date of publication, distribution, etc 2017
270 ## - ADDRESS
City New Delhi
Address G-11 A 4754/23, Akarshan Bhawan, Ansari Road, Daryaganj
Postal code 110002
300 ## - PHYSICAL DESCRIPTION
Extent 280vpp.
Dimensions 22cm(pbk)
700 ## - ADDED ENTRY--PERSONAL NAME
Personal name Kunwar neelma
Relator term authour
9 (RLIN) 72136
942 ## - ADDED ENTRY ELEMENTS (KOHA)
Source of classification or shelving scheme Dewey Decimal Classification
Item type English Books
Classification part 921
Call number suffix KIR
Holdings
Withdrawn status Lost status Not for loan Collection code Home library Current library Date acquired Source of acquisition Cost, normal purchase price Full call number Barcode Copy number Cost, replacement price Koha item type
      Non-fiction Bawana Bawana 27/09/2024 DBAD 950.00 921 KIR EN-125355 1 950.00 English Books

© Delhi Public Library
Hit Counter
free hit counter